000 00686nam a2200253Ia 4500
001 Para_9624
003 CHAP
008 220125s2005 xx 000 0 und d
010 _a208298
040 _cCHAP
082 _aPA 630.2516 C19
100 _aCampos Aranda, Daniel Francisco
_9143973
245 _aAgroclimatología cuantitativa de cultivos /
_c Daniel Francisco Campos Aranda
260 _aMéxico, D.F. :
_b Trillas
300 _a320 p.
650 _aClimatología
_923864
901 _aPA 630.2516 C19
902 _aM
905 _a5231272005 mx mn 8112222321spa11
910 _a2005
942 _cPARA
942 _cPARA
_d1
999 _c208298
_d208298